The new American democracy /

Bibliographic Details
Main Author: Fiorina, Morris P.
Other Authors: Peterson, Paul E.
Format: Book
Language:English
Published: Boston : Allyn and Bacon, [1998]
Subjects:

MARC

Tag First Indicator Second Indicator Subfields
LEADER 00000cam a2200000 a 4500
001 in00001407572
005 20151020062230.0
008 970821s1998 mauab b 001 0 eng
010 |a  97034742  
020 |a 0023377704 
035 |a (OCoLC)37579339 
035 |9 AHP1023AM 
040 |a DLC  |c DLC  |d TXA  |d UtOrBLW 
043 |a n-us--- 
049 |a TXAM 
050 0 0 |a JK1726  |b .F56 1998 
082 0 0 |a 320.473  |2 21 
100 1 |a Fiorina, Morris P. 
245 1 4 |a The new American democracy /  |c Morris P. Fiorina, Paul E. Peterson. 
264 1 |a Boston :  |b Allyn and Bacon,  |c [1998] 
264 4 |c ©1998 
300 |a xxiv, 792 pages :  |b illustrations (some color), color maps ;  |c 26 cm. 
336 |a text  |b txt  |2 rdacontent 
337 |a unmediated  |b n  |2 rdamedia 
338 |a volume  |b nc  |2 rdacarrier 
500 |a Maps of each state's electoral votes for the presidency and the states in proportion to their electoral votes on end papers. 
504 |a Includes bibliographical references and indexes. 
650 0 |a Democracy  |z United States. 
651 0 |a United States  |x Politics and government. 
700 1 |a Peterson, Paul E. 
948 |a c:cer  |d 20031105 
999 |a MARS 
999 f f |s cbf6025d-b911-3b3b-bc15-79974fa5ad11  |i d6339818-9380-37ef-8f79-e3a56222e773  |t 0